| 000 | 01336nam a2200373 a 4500 | ||
|---|---|---|---|
| 001 | 37026 | ||
| 003 | FINmELB | ||
| 005 | 20241216221451.0 | ||
| 006 | m o d | | ||
| 007 | cr cn||||||||| | ||
| 008 | 201008r2007 mx s 000 0 spa d | ||
| 020 | _z9789703604227 | ||
| 035 | _a(OCoLC)752268858 | ||
| 040 |
_aFINmELB _cFINmELB _dFINmELB |
||
| 050 | 4 |
_aB29 _bG246 2007 |
|
| 080 | _a1 | ||
| 082 | 0 | 4 |
_a100 _222 |
| 100 | 1 | _aGasca Salas, Jorge. | |
| 245 | 1 | 0 |
_aPensar la ciudad _h[recurso electronico] : _bentre ontología y hombre: pautas desde hitos de Marx y Heidegger / _cJorge Gasca Salas. |
| 260 |
_aMéxico D. F. : _bInstituto Politécnico Nacional, _c2007. |
||
| 300 | _a362 p. | ||
| 588 | _aDescripción basada en metadatos suministrados por el editor y otras fuentes. | ||
| 590 | _aRecurso electrónico. Santa Fe, Arg.: elibro, 2020. Disponible vía World Wide Web. El acceso puede estar limitado para las bibliotecas afiliadas a elibro. | ||
| 650 | 4 |
_aFilosofía _xCiudad. |
|
| 650 | 4 | _aCities and towns. | |
| 650 | 4 | _aPhilosophy. | |
| 653 | _aFilosofia | ||
| 655 | 4 | _aLibros electrónicos. | |
| 797 | 2 | _aelibro, Corp. | |
| 856 | 4 | 0 | _uhttps://elibro.net/ereader/politecnicointernacional/104770 |
| 999 |
_c37026 _d37026 |
||